00241nam a22000977a 4500020001800000040000900018082001400027100001700041245005700058650002800115 a0000000492737 cNUST a641.5 MEE aNudrat Jahan aMeethay Pakwan;bHalwa Jaat Aur Sweet Dish Ki Soghat aCooking-Meethay Pakwan